000 01265nam a2200325 i 4500
001 000027680
003 DO-SdBNP
005 20240507102647.0
007 ta
008 110404s1989 dr abc 000 0 spa d
040 _aDO-SdBNP
_bspa
_cBNPHU
_erda
049 _aBNPD
082 4 _a972.9375
_bB639s
_222
100 1 _aBlanchard, Lulio A.,
_d1945-
_954761
_eautor
245 1 0 _aSan Antonio de Guerra :
_banotaciones históricas /
_cLulio A. Blanchard, Teódulo A. Blanchard.
264 _aSanto Domingo :
_bAmigo del Hogar,
_c1989.
300 _a243 páginas :
_bilustraciones, retratos ;
_c22 cm.
336 _2rdacontent
_atexto
_btxt
337 _2rdamedia
_asin mediación
_bn
338 _2rdacarrier
_avolumen
_bnc
500 _aIncluye datos biográficos de los autores en las solapas
500 _aIncluye referencias bibliográficas y notas al pie de las páginas e índice
504 _aBibliografía : p. 215 -218
590 _aInventariado, 2024/BT
651 4 _aSan Antonio De Guerra (República Dominicana{Rpara}
_xHistoria
_943062
651 4 _aSanto Antonio De Guerra (República Dominicana{Rpara}
_xVida social y costumbres
_954762
700 1 _aBlanchar, Teódulo A.
_954763
910 _aValidado. Control de calidad MFF
942 _2ddc
_cLBS1
999 _c27172
_d27172